Orfeo /

La actividad de Claudio Monteverdi en Mantua, donde llegó en 1590-91 para trabajar como instrumentista, cantor y compositor, coincide con su portentosa madurez como creador. Considerada como la primera ópera de la historia L`Orfeo, de cuya creación celebramos hoy los 400 años, es una fábula pastoral...

Descripción completa

Detalles Bibliográficos
Autor principal: Monteverdi, Claudio 1567-1643
Otros Autores: Striggio, Alessandro
Formato: Musica
Lenguaje:español
Publicado: Madrid, España PRISA INNOVA S.L 2007
Colección:Los clásicos de la ópera 2
Materias:

MARC

LEADER 00000cjm a2200000 a 4500
001 027531
003 UAHC_CL
005 20170803122821.0
008 121008s2007 cl 000 1 spa
040 |a UAHC_CL  |c UAHC_CL  |d UAHC_CL 
100 1 |a Monteverdi, Claudio  |d 1567-1643 
245 1 0 |a Orfeo /  |c Libreto de Alessandro Striggio ; Monteverdi. 
246 2 0 |a Der Freischutz 
260 |b PRISA INNOVA S.L  |a Madrid, España  |c 2007 
300 |a 2 cd room. 
490 0 |a Los clásicos de la ópera  |v 2 
505 0 |a Incluye historia de ópera. 
511 0 |a Intérpretes: Hernán Jara ; Luis Orlandini ; Jorge Hevia ; Ensemble Bartok ; Frida Conn ; Orquesta Sinfónica de la Radio Nacional de España. 
520 |a La actividad de Claudio Monteverdi en Mantua, donde llegó en 1590-91 para trabajar como instrumentista, cantor y compositor, coincide con su portentosa madurez como creador. Considerada como la primera ópera de la historia L`Orfeo, de cuya creación celebramos hoy los 400 años, es una fábula pastoral en la que "todos los intelectuales hablaban musicalmente", como escrbió un testigo de la época. Este simple acontecimiento cambiaría para siempre el curso de la civilización europea. 
546 |a Texto del libreto en italiano, traducción paralela en español. 
650 4 |a OPERAS  |x LIBRETOS 
653 |a LICENCIATURA EN MUSICA 
700 1 |a Striggio, Alessandro 
900 |a CD-316 
942 |c MU 
952 |0 0  |1 0  |4 0  |6 CD_316  |7 0  |8 Referencia  |9 54949  |a BS  |b BS  |c Referencia  |d 2017-08-03  |l 1  |m 1  |o CD-316  |p 11099  |r 2025-04-10 00:00:00  |s 2018-04-09  |t 1  |w 2017-08-03  |y MU 
999 |c 27531  |d 27531